FIFA FIFPro World XI 2018 - Statistics

Statistiche generali
  • Questo quiz è stato fatto 26 volte
  • Il punteggio medio è 10 su 11
Statistiche sulle risposte
Ruolo Nazione Squadra Calciatore % Corretto
Portiere Spagna Manchester United David de Gea
96%
Attaccante Francia Paris Saint-Germain Kylian Mbappé
96%
Centrocampista Croazia Real Madrid Luka Modrić
96%
Difensore Spagna Real Madrid Sergio Ramos
96%
Attaccante Portogallo Real Madrid / Juventus Cristiano Ronaldo
92%
Attaccante Argentina Barcellona Lionel Messi
92%
Difensore Brasile Real Madrid Marcelo
88%
Centrocampista Francia Chelsea N'Golo Kanté
88%
Difensore Francia Real Madrid Raphaël Varane
88%
Difensore Brasile Paris Saint-Germain Dani Alves
71%
Centrocampista Belgio Chelsea Eden Hazard
71%
Nessun quiz corrispondente trovato
Distribuzione punteggi
Percentuale di utenti per punteggio
Percentile per numero di risposta
I tuoi punteggi nel tempo
Non hai fatto questo quiz